| 000 | 00670nam a22002057a 4500 | ||
|---|---|---|---|
| 003 | OSt | ||
| 005 | 20251203090829.0 | ||
| 008 | 251203b |||||||| |||| 00| 0 eng d | ||
| 020 | _a971-685-672-9. | ||
| 040 |
_aDWCL-Main lib _cOC |
||
| 082 | _aFil. 370.71 F453 2007 | ||
| 100 | _aLucas, Maria Rita D. Et AL. | ||
| 245 |
_aField Study : _bExperimental learning courses _cLucas, Maria Rita D. Et Al. |
||
| 260 |
_aQuezon City : _bLorimar Publishing Inc., _cc2007. |
||
| 300 |
_axiv, 201 pages : _billustration ; _c28 cm. |
||
| 504 | _aIncludes bibliographical references. | ||
| 650 | _21. Teachers-Training. | ||
| 650 | _22. Teaching. | ||
| 942 |
_2ddc _cBK - FIL _kFil. _n0 |
||
| 999 |
_c6727 _d6727 |
||